1225 1804 1753 1358 1728 1167 1851 1043 1854 1344 1100 1343 1836 1059 1371 1100 1208 1929 1848 1913 1519 1876 1379 1100 1731 1730 1570 1584 1810 1262 1648 1778 1266 1817 1994 1689 1810 1882 1484 1421 1427 1046 1225 1403 1274 1216 1028 1778 1701 1409 1325 1207 1663 1324 1071 1361 1898 1496 1037 1157 1565 1233 1368 1890 1606 1764 1396 1065 1059 1205 1135 1630 1973 1154 1025 1321 1686 1185 1565 1123 1372 1102 1858 1828 1558 1048 1598 1726 1805 1581 1192 1422 1455 1934 1681 1191 1944 1823 1461 BCNSPRNW ULIB Ver.6.0+V

เปลี่ยนเป็นภาษาไทย

Change to English
 แสดงรายละเอียดบรรณานุกรม
  กลับหน้าหลัก

Brief Record : Get Marc (ISO 2709) : E-mail record : QR code < ปิดหน้าต่าง
LEADER : 00000nam 2200000uu 4500
001    13399112820
003     ULIB
008    110912s2543||||th 000 0 tha d
020    9748391183
050  4 LB2324^bอ825ก ล.19 2543
100 0  อุทุมพร (ทองอุไทย) จามรมาน
245 10 การประกันคุณภาพระดับอุดมศึกษา /^cโดย อุทุมพร (ทองอุไทย)จามรมาน
250    พิมพ์ครั้งที่ 1
260    กรุงเทพฯ :^bฟันนี่พับบลิชชิ่ง,^c2543
300    90 หน้า ;^c21 ซม.
650  4 การศึกษาขั้นอุดมศึกษา
650  4 ประกันคุณภาพการศึกษาระดับอุดมศึกษา
945    ^p50^l0^i019091
945    ^p50^l0^i029093
995    ทศพร
999 ^a ทศพร
รายการนี้ยังไม่มีแท็ก
คุณยังไม่ได้ล็อกอิน คุณสามารถมีกิจกรรมร่วมกับเว็บไซต์ได้ แต่ต้องล็อกอินก่อน ::
  ล็อกอิน

รายการสื่อสารสนเทศ

ลำดับที่ ประเภท เลขเรียก/บาร์โค้ด สถานที่ สถานะ
- ไม่พบข้อมูล -

รายการใกล้เคียง
    ผู้แต่ง [อุทุมพร (ทองอุไทย) จามรมาน]

    หัวเรื่อง [การศึกษาขั้นอุดมศึกษา]
    หัวเรื่อง [ประกันคุณภาพการศึกษาระดับอุดมศึกษา]

BibComment


ยังไม่เคยถูกคอมเมนท์

คอมเมนท์ทรัพยากรรายการนี้
  คอมเมนท์: การประกันคุณภาพระ..


 Copyright 2026. Bcnsprnw @Library